Welcome to Marium Abdulla Library

Embrace knowledge with a breath of fresh air.

Browse Collection

Marium Abdulla Library

Essentials of bonsai (Record no. 7044)

MARC details
000 -LEADER
fixed length control field 01186nam a2200253Ia 4500
001 - CONTROL NUMBER
control field 4529
003 - CONTROL NUMBER IDENTIFIER
control field OSt
005 - DATE AND TIME OF LATEST TRANSACTION
control field 20260401085217.0
008 - FIXED-LENGTH DATA ELEMENTS--GENERAL INFORMATION
fixed length control field 211022s9999 xx 000 0 und d
020 ## - INTERNATIONAL STANDARD BOOK NUMBER
International Standard Book Number 0715383981
040 ## - CATALOGING SOURCE
Transcribing agency IVS
082 ## - DEWEY DECIMAL CLASSIFICATION NUMBER
Classification number 635.9772 RIC
100 ## - MAIN ENTRY--PERSONAL NAME
Personal name Richie, Donald
245 #0 - TITLE STATEMENT
Title Essentials of bonsai
Remainder of title by the editors of Shufunotomo introduction by Donald Richie
260 ## - PUBLICATION, DISTRIBUTION, ETC.
Place of publication, distribution, etc. Newton
260 ## - PUBLICATION, DISTRIBUTION, ETC.
Name of publisher, distributor, etc. David and Charles
260 ## - PUBLICATION, DISTRIBUTION, ETC.
Date of publication, distribution, etc. 1982
300 ## - PHYSICAL DESCRIPTION
Extent pages 108
520 ## - SUMMARY, ETC.
Summary, etc. This book provides a clear and practical introduction to the art of bonsai, focusing on the essential techniques required to grow and maintain miniature trees. It explains the basic principles of bonsai cultivation, including pruning, wiring, shaping, and repotting. The guide also covers suitable plant species, soil selection, watering, and long-term care. With step-by-step instructions and illustrative photographs, the book is designed to help beginners develop their skills while also serving as a useful reference for more experienced bonsai enthusiasts.
650 ## - SUBJECT ADDED ENTRY--TOPICAL TERM
Topical term or geographic name entry element Bonsai
650 ## - SUBJECT ADDED ENTRY--TOPICAL TERM
Topical term or geographic name entry element Indoor gardening
650 ## - SUBJECT ADDED ENTRY--TOPICAL TERM
Topical term or geographic name entry element Ornamental plants—Cultivation
942 ## - ADDED ENTRY ELEMENTS (KOHA)
Koha item type Book
Source of classification or shelving scheme Dewey Decimal Classification
Suppress in OPAC No
Holdings
Date last seen Total checkouts Full call number Barcode Price effective from Koha item type Lost status Damaged status Not for loan Collection Withdrawn status Home library Current library Shelving location Date acquired Source of acquisition Cost, normal purchase price
10/26/2021   635.9772 RIC 4529 10/26/2021 Book       Liberal Arts   Marium Abdulla Library Marium Abdulla Library Non-Ref 11/29/2007 Zameer Mirza Rizki 2500.00